| 000 | 004770000a22001810004500 | ||
|---|---|---|---|
| 003 | MACL | ||
| 005 | 20150702175008.0 | ||
| 008 | 150702b xxu||||| |||| 00| 0 eng d | ||
| 040 |
_aMACL _cmacl |
||
| 041 | _aenglish | ||
| 082 | _a020/kau | ||
| 100 |
_aKaul,H.K. _9421 |
||
| 245 | _aKnowledge, Library and Information Networking Naclin 2008 | ||
| 260 |
_aNew Delhi _bDeveloping Libirary _c2009 |
||
| 350 | _a700 | ||
| 650 |
_aLibrary Science _957 |
||
| 942 |
_cBK _k020/KAU _2ddc |
||
| 999 |
_c47820 _d47820 |
||